000 00600nam a2200229Ia 4500
005 20260320202003.0
008 008 262003s9999 xx 000 0 eng d
037 _aEBOOK
040 _aCRL
040 _beng
040 _cCRL
041 _2eng
041 _aeng
084 _qCRL
100 _aDavis
245 0 _aUnity 3D Game Development: Designed for passionate game developers—Engineered to build professional games
260 _bIEEE
856 _uhttps://ieeexplore.ieee.org/servlet/opac?bknumber=10162549
942 _cEBOOK
999 _c1724666
_d1724666